Groundwater quality sustainability (Record no. 10951)
[ view plain ]
| 000 -LEADER | |
|---|---|
| fixed length control field | 01774nam a2200397Ia 4500 |
| 001 - CONTROL NUMBER | |
| control field | CRC0KE14957PDF |
| 003 - CONTROL NUMBER IDENTIFIER | |
| control field | BD-DhSAU |
| 005 - DATE AND TIME OF LATEST TRANSACTION | |
| control field | 20151012144258.0 |
| 006 - FIXED-LENGTH DATA ELEMENTS--ADDITIONAL MATERIAL CHARACTERISTICS | |
| fixed length control field | m|||||o||d|||||||| |
| 007 - PHYSICAL DESCRIPTION FIXED FIELD--GENERAL INFORMATION | |
| fixed length control field | cr|||| |
| 008 - FIXED-LENGTH DATA ELEMENTS--GENERAL INFORMATION | |
| fixed length control field | 121126s2013 ne acd sb 001 0 eng d |
| 020 ## - INTERNATIONAL STANDARD BOOK NUMBER | |
| International Standard Book Number | 9780203137659 (ebook : PDF) |
| 040 ## - CATALOGING SOURCE | |
| Original cataloging agency | BD-DhSAU |
| Transcribing agency | BD-DhSAU |
| 090 ## - LOCALLY ASSIGNED LC-TYPE CALL NUMBER (OCLC); LOCAL CALL NUMBER (OCLC) | |
| Classification number (OCLC) (R) ; Classification number, CALL (RLIN) (NR) | TD403 |
| Local cutter number (OCLC) ; Book number/undivided call number, CALL (RLIN) | .G74 2013 |
| 092 ## - LOCALLY ASSIGNED DEWEY CALL NUMBER (OCLC) | |
| Classification number | 628.114 |
| Item number | G882 |
| 245 00 - TITLE STATEMENT | |
| Title | Groundwater quality sustainability |
| Medium | [electronic resource] / |
| Statement of responsibility, etc. | editors, Piotr Maloszewski, Stanis�aw Witczak & Grzegorz Malina. |
| 260 ## - PUBLICATION, DISTRIBUTION, ETC. (IMPRINT) | |
| Place of publication, distribution, etc. | Leiden, The Netherlands ; |
| -- | Boca Raton : |
| Name of publisher, distributor, etc. | CRC Press, |
| Date of publication, distribution, etc. | c2013. |
| 300 ## - PHYSICAL DESCRIPTION | |
| Extent | xviii, 350 p. : |
| Other physical details | ill., ports. |
| 490 1# - SERIES STATEMENT | |
| Series statement | Selected papers on hydrogeology ; |
| Volume/sequential designation | 17 |
| 500 ## - GENERAL NOTE | |
| General note | "A Balkema book." |
| 504 ## - BIBLIOGRAPHY, ETC. NOTE | |
| Bibliography, etc | Includes bibliographical references and indexes. |
| 505 0# - FORMATTED CONTENTS NOTE | |
| Formatted contents note | pt. 1. Groundwater quality -- pt. 2. Groundwater management -- pt. 3. Groundwater : surface water interaction -- pt. 4. Regional groundwater problems -- pt. 5. Data processing & modelling. |
| 530 ## - ADDITIONAL PHYSICAL FORM AVAILABLE NOTE | |
| Additional physical form available note | Also available in print edition. |
| 538 ## - SYSTEM DETAILS NOTE | |
| System details note | Mode of access: World Wide Web. |
| 650 #0 - SUBJECT ADDED ENTRY--TOPICAL TERM | |
| Topical term or geographic name as entry element | Groundwater |
| General subdivision | Quality. |
| 650 #0 - SUBJECT ADDED ENTRY--TOPICAL TERM | |
| Topical term or geographic name as entry element | Groundwater |
| General subdivision | Pollution. |
| 650 #0 - SUBJECT ADDED ENTRY--TOPICAL TERM | |
| Topical term or geographic name as entry element | Groundwater recharge. |
| 655 #7 - INDEX TERM--GENRE/FORM | |
| Genre/form data or focus term | Electronic books. |
| Source of term | lcsh |
| 700 1# - ADDED ENTRY--PERSONAL NAME | |
| Personal name | Maloszewski, Piotr. |
| 700 1# - ADDED ENTRY--PERSONAL NAME | |
| Personal name | Witczak, Stanislaw. |
| 700 1# - ADDED ENTRY--PERSONAL NAME | |
| Personal name | Malina, Grzegorz. |
| 710 2# - ADDED ENTRY--CORPORATE NAME | |
| Corporate name or jurisdiction name as entry element | International Association of Hydrogeologists. |
| Subordinate unit | Congress |
| Number of part/section/meeting | (38th : |
| Date of meeting or treaty signing | 2010 : |
| Location of meeting | Krak�ow, Poland) |
| 776 1# - ADDITIONAL PHYSICAL FORM ENTRY | |
| International Standard Book Number | 9780415698412 (hardback : alk. paper) |
| 830 #0 - SERIES ADDED ENTRY--UNIFORM TITLE | |
| Uniform title | Hydrogeology (International Association of Hydrogeologists) ; |
| Volume number/sequential designation | 17. |
| 856 40 - ELECTRONIC LOCATION AND ACCESS | |
| Uniform Resource Identifier | <a href="http://marc.crcnetbase.com/isbn/9780203137659">http://marc.crcnetbase.com/isbn/9780203137659</a> |
| Electronic format type | application/PDF |
No items available.
